Genetic resources of underutilized plants in Malaysia. Proceedings of a national workshop on plant genetic resources held in Malaysia. 1988 (Record no. 43638)

MARC details
000 -LEADER
fixed length control field 00461nam a2200133Ia 4500
082 ## - DEWEY DECIMAL CLASSIFICATION NUMBER
Classification number 575:581(595)
Item number ZAK
245 #0 - TITLE STATEMENT
Title Genetic resources of underutilized plants in Malaysia. Proceedings of a national workshop on plant genetic resources held in Malaysia. 1988
260 ## - PUBLICATION, DISTRIBUTION, ETC. (IMPRINT)
Place of publication Malaysia
Name of publisher FRIM
Year of publication 1989
650 ## - SUBJECT ADDED ENTRY--TOPICAL TERM
Topical Term Genetic resources conservation
650 ## - SUBJECT ADDED ENTRY--TOPICAL TERM
Topical Term Medicinal plants
700 ## - ADDED ENTRY--PERSONAL NAME
Personal name Zakri, A H
942 ## - ADDED ENTRY ELEMENTS (KOHA)
Koha item type Books
Holdings
Withdrawn status Lost status Damaged status Not for loan Home library Current library Date acquired Source of acquisition Full call number Accession Number Koha item type
        RRII Library RRII Library 16/12/2021 Gift 575:581(595) ZAK G00390 Books